00333nam a2200133Ia 4500008004100000041000800041082001200049100001800061245001400079250001400093260005200107300003100159365000900190240624s9999 xx 000 0 und d aeng a330 TAY aTAYLOR JOHN B aECONOMICS a(7th ed.) c2012aAustraliabSouth-Western Cengage Learning axlv, : 836 : p. : cm. ; 25 cb30